Personnalités politiques françaises n°13 - Statistiques

Statistiques générales
  • Ce quiz a été pris 519 fois
  • Le résultat moyen est 5 sur 20
Statistiques - réponses
Par images Réponse % Correct
Louis Boyard
94%
Prisca Thévenot
52%
Charles de Courson
44%
Jérôme Guedj
43%
Sacha Houlié
32%
Olivier Marleix
29%
Sophia Chikirou
29%
François Braun
26%
Sarah El Haïry
22%
Laurence Rossignol
16%
Roger Karoutchi
15%
Sylvie Retailleau
14%
Pascal Canfin
13%
Hélène Laporte
12%
Marie-France Garaud
11%
Jean-Michel Baylet
7%
Jacques Bompard
5%
Yves Cochet
5%
Jean-Lin Lacapelle
4%
Maxime Gremetz
4%
Aucun quiz correspondant
Distribution des résultats
% des personnes avec chaque résultat
Percentile par nombre de réponses
Votre historique - résultats
Vous n’avez pas pris ce quiz